|
|
|
|
| LEADER |
00723nam a22002412a 4500 |
| 001 |
001113266 |
| 003 |
CZ BrMZK |
| 005 |
20110303100902.0 |
| 007 |
ta |
| 008 |
100831s1982 xo er|||||||||||slo d |
| 040 |
|
|
|a ABA001
|b cze
|c ABA001
|d ABA001
|d BOA001
|
| 041 |
0 |
|
|a slo
|b eng
|b rus
|
| 100 |
1 |
|
|a Langer, Pavel
|4 aut
|
| 245 |
1 |
0 |
|a Úvod do biokybernetiky a teórie experimentu /
|c Pavel Langer
|
| 250 |
|
|
|a 1. vyd.
|
| 260 |
|
|
|a Bratislava :
|b Veda,
|c 1982
|
| 300 |
|
|
|a 174 s. ;
|c 8°
|
| 504 |
|
|
|a Obsahuje bibliografii
|
| 546 |
|
|
|a Anglické a ruské resumé
|
| 910 |
|
|
|a BOA001
|b 2-0853.881
|
| 990 |
|
|
|a BK
|
| 991 |
|
|
|b 201008
|
| 996 |
7 |
|
|b 2619364032
|c 2-0853.881
|l MZK
|r Sklad / do 1 hodiny
|n 0
|w 001140887
|u 000010
|a 1
|e BOA001
|j MZK50
|s A
|